[Event "?"]
[Site "Ch U18 Winterberg"]
[Date "2002.??.??"]
[Round "?"]
[White "Dubkov, Andrej"]
[Black "Korotkjevich, Stanislav"]
[Result "0-1"]
[WhiteElo "2200"]
[BlackElo "2320"]

1. e4 c5 2. Nf3 e6 3. d4 cxd4 4. Nxd4 a6 5. Bd3 Bc5 6. Nb3 Be7 7. Be3 d6 8.
Nc3 Nf6 9. f4 O-O 10. Qf3 Nc6 11. g4 Nb4 12. g5 Nxd3+ 13. cxd3 Nd7 14.
O-O-O b5 15. Kb1 Bb7 16. h4 Nc5 17. Nxc5 dxc5 18. g6 fxg6 19. Qg4 Bc8 20.
e5 Rf5 21. Ne4 Bb7 22. Rhg1 Qd5 23. Ng3 Rf7 24. Bc1 Qf3 25. Qxe6 Bxh4 26.
Qh3 Bxg3 27. Qxg3 Qd5 28. Rge1 Bc8 29. Ka1 Be6 30. b3 a5 31. d4 a4 32. dxc5
Qxc5 33. bxa4 Rxa4 34. Re2 Qc4 35. Ba3 b4 0-1

[Event "?"]
[Site "Open A Bethune FRA ;The Week i"]
[Date "2004.??.??"]
[Round "6"]
[White "Martsynovskaya, M"]
[Black "Giffard, Nicolas"]
[Result "1-0"]
[WhiteElo "2180"]
[BlackElo "2340"]

1. e4 c5 2. Nf3 e6 3. d4 cxd4 4. Nxd4 Qb6 5. Nc3 Bc5 6. Na4 Qa5+ 7. c3 Bxd4
8. Qxd4 e5 9. Qc5 Qxc5 10. Nxc5 Nf6 11. f3 O-O 12. Bb5 a6 13. Be2 d5 14.
exd5 Nxd5 15. O-O Nc6 16. Rd1 Nf4 17. Bf1 Ne7 18. Nd7 Bxd7 19. Rxd7 Nf5 20.
g3 Ne6 21. Rxb7 Rfd8 22. b4 Rd1 23. Kf2 e4 24. Ke2 Rdd8 25. a4 Nd6 26. Rb6
Nc4 27. a5 Rd3 28. Rc6 Rxc3 29. Ke1 Nd4 30. Rxc4 Rxc4 31. Bxc4 Nc2+ 32. Kd2
Nxa1 33. fxe4 Rd8+ 34. Kc3 Rc8 35. Be3 Re8 36. Bd5 Kh8 37. Kb2 f5 38. Kxa1
fxe4 39. Kb2 Rd8 40. Bc4 Rd6 41. Kc3 h5 42. Bf4 Rf6 43. Kd4 h4 44. Kxe4
hxg3 45. hxg3 Kh7 46. Be5 Rh6 47. g4 Rg6 48. Be2 Kh6 49. Bf4+ Kh7 50. Kd5
Kg8 51. g5 1-0

[Event "?"]
[Site "SCG First League w, Vrnjacka B"]
[Date "2005.??.??"]
[Round "7"]
[White "Peptan, Corina"]
[Black "Zelenaya-Azaric, Galina"]
[Result "1/2-1/2"]
[WhiteElo "2400"]
[BlackElo "2115"]

1. e4 c5 2. Nf3 e6 3. d4 cxd4 4. Nxd4 a6 5. Bd3 Bc5 6. Nb3 Be7 7. O-O Qc7
8. Re1 d6 9. c4 Nf6 10. Nc3 O-O 11. Be3 Nbd7 12. Rc1 b6 13. Bf1 Bb7 14. f3
Rac8 15. Qd2 Qb8 16. Qf2 Ba8 17. Red1 Bd8 18. Nd4 Ne5 19. b3 Nfd7 20. Rc2
Bc7 21. h3 Nf6 22. Bg5 Bd8 23. Qd2 Ne8 24. Bxd8 Rxd8 25. f4 Nd7 26. Qe3
Nef6 27. b4 Rfe8 28. Nf3 h6 29. Rcd2 Nf8 30. a3 Ng6 31. Bd3 Qc7 32. Be2 Nh5
33. e5 dxe5 34. Rxd8 Rxd8 35. Rxd8+ Qxd8 36. fxe5 Nhf4 37. Bf1 Bxf3 38.
Qxf3 Qd4+ 39. Kh2 Nxe5 40. Qa8+ Kh7 1/2-1/2

[Event "?"]
[Site "Bundesliga (div"]
[Date "2004.??.??"]
[Round "?"]
[White "Benda, Herbert"]
[Black "Hellmayr, Alois"]
[Result "1/2-1/2"]
[WhiteElo "2260"]
[BlackElo "2255"]

1. e4 c5 2. Nf3 e6 3. d4 cxd4 4. Nxd4 a6 5. Bd3 Bc5 6. Nb3 Be7 7. Nc3 d6 8.
a4 b6 9. O-O Nf6 10. f4 Nc6 11. Qf3 Bb7 12. e5 Nd7 13. exd6 Bxd6 14. Be3
O-O 15. Rad1 Qc7 16. Qf2 Nb4 17. Be4 Be7 18. Rd2 Bxe4 19. Nxe4 Nd5 20. Bd4
b5 21. axb5 axb5 22. Qg3 N7f6 23. f5 Qxg3 24. Nxg3 Rfc8 25. fxe6 fxe6 26.
Re2 Ra6 27. Be5 Ng4 28. Bd4 Ngf6 29. Be5 Ng4 30. Bd4 Ngf6 1/2-1/2

[Event "?"]
[Site "Ruhrgebiet Ch"]
[Date "1999.??.??"]
[Round "?"]
[White "Georg, Heinz"]
[Black "Kleinegger, Frank"]
[Result "1/2-1/2"]
[WhiteElo "2270"]
[BlackElo "2245"]

1. e4 c5 2. Nf3 e6 3. d4 cxd4 4. Nxd4 Qb6 5. Nc3 Bc5 6. Be3 Nc6 7. Ndb5
Bxe3 8. fxe3 a6 9. Nd6+ Ke7 10. Nf5+ Kd8 11. Nd6 Ke7 12. Qd2 Ne5 13. O-O-O
Nh6 14. Be2 f6 15. Na4 Qc6 16. Qb4 Kd8 17. Nb6 Rb8 18. Rd2 Kc7 19. Nbxc8
Rhxc8 20. Nxc8 Rxc8 21. Rhd1 Nhf7 22. h4 d6 23. Rd4 Kd7 24. Qb3 Ke7 25. Rb4
Rc7 26. Rdd4 Qd7 27. Rb6 Nc6 28. Rd3 Nfe5 29. Rc3 Qc8 30. Qa4 Qd7 31. Rcb3
1/2-1/2

[Event "?"]
[Site "Furdo Budapest HUN"]
[Date "1995.??.??"]
[Round "?"]
[White "Kosztolanczi, Gyula"]
[Black "Sziebert, Adam"]
[Result "0-1"]
[WhiteElo "2185"]
[BlackElo "2330"]

1. e4 c5 2. Nf3 e6 3. d4 cxd4 4. Nxd4 a6 5. Bd3 Bc5 6. Nb3 Be7 7. Nc3 Nc6
8. f4 d6 9. Be3 Nf6 10. Qf3 O-O 11. g4 Qc7 12. g5 Nd7 13. O-O-O b5 14. h4
Nc5 15. Nxc5 dxc5 16. e5 Bb7 17. Qh5 g6 18. Qg4 Nd4 19. Bxd4 Bxh1 20. Rxh1
cxd4 21. Ne4 Qb7 22. h5 Kg7 23. Qh3 Rh8 24. Nf6 Rac8 25. Be4 Qc7 26. Kb1
Bc5 27. Bd3 Bb4 28. a3 Bd2 29. Qh2 Be3 30. h6+ Kf8 31. Ne4 b4 32. Nd6 Rb8
33. axb4 Rxb4 34. Qg2 Ke7 35. Qe4 Rhb8 36. b3 Rxb3+ 37. cxb3 Rxb3+ 38. Ka2
Rb4 39. Ka3 Qa5# 0-1

[Event "Sub-Zt 2.3.4"]
[Site "Bogota COL"]
[Date "2006.12.20"]
[Round "4"]
[White "Sanchez, Victor"]
[Black "Ruiz, Alciguel"]
[Result "1-0"]
[WhiteElo "2267"]
[BlackElo "2242"]

1. e4 c5 2. Nf3 e6 3. d4 cxd4 4. Nxd4 a6 5. Bd3 Bc5 6. Nb3 Be7 7. Nc3 Nc6
8. f4 d6 9. Be3 Nf6 10. Qf3 Qc7 11. O-O-O Bd7 12. Kb1 Nb4 13. g4 Bc6 14. g5
Nd7 15. Nd4 Rc8 16. Qh3 O-O 17. Qg4 Rfe8 18. h4 Bf8 19. h5 Nxd3 20. cxd3 e5
21. Nxc6 bxc6 22. f5 d5 23. Bc1 Qb7 24. Rd2 Bb4 25. Rc2 Nc5 26. Rh3 Qd7 27.
g6 Bxc3 28. gxh7+ Kh8 29. Rg3 f6 30. Rxc3 Na4 31. Ra3 Nc5 32. h6 Re7 33.
Qh4 Rf8 34. Rg6 dxe4 35. dxe4 Qd4 36. hxg7+ Rxg7 37. Rxg7 1-0

[Event "?"]
[Site "Ch U20 Budapest HUN"]
[Date "2001.??.??"]
[Round "?"]
[White "Meszaros, Tamas"]
[Black "Szilagyi, Zsolt"]
[Result "1-0"]
[WhiteElo "2235"]
[BlackElo "2270"]

1. e4 c5 2. Nf3 e6 3. d4 cxd4 4. Nxd4 a6 5. Bd3 Bc5 6. Nb3 Be7 7. O-O d6 8.
Nc3 Nf6 9. Qe2 Qc7 10. Bd2 Nc6 11. f4 Nd7 12. Rae1 O-O 13. Rf3 g6 14. Rh3
Bf6 15. g4 Re8 16. Qf2 b5 17. a3 b4 18. axb4 Nxb4 19. g5 Bh8 20. Qh4 Nf8
21. e5 Nxd3 22. Rxd3 dxe5 23. Ne4 exf4 24. Nf6+ Bxf6 25. gxf6 e5 26. Bxf4
Re6 27. Qh6 Rxf6 28. Bxe5 Qe7 29. Rde3 Ne6 30. Nd4 Bd7 31. Rh3 Qb4 1-0

[Event "?"]
[Site "?"]
[Date "2004.??.??"]
[Round "?"]
[White "Ciuksyte, Dagne"]
[Black "Yildiz, Betul Cemre"]
[Result "0-1"]
[WhiteElo "2390"]
[BlackElo "2115"]

1. e4 c5 2. Nf3 e6 3. d4 cxd4 4. Nxd4 a6 5. Bd3 Bc5 6. Nb3 Be7 7. O-O d6 8.
c4 Nf6 9. Nc3 O-O 10. Qe2 Nbd7 11. Be3 b6 12. Rfd1 Bb7 13. a4 Qc7 14. a5
Rac8 15. f3 Rfd8 16. Rdc1 Nc5 17. axb6 Qxb6 18. Nxc5 dxc5 19. e5 Nd7 20. f4
Nb8 21. b4 Nc6 22. Na4 Qc7 23. Nxc5 Nxb4 24. Nxb7 Rxd3 25. Nd6 Bxd6 26.
exd6 Rxd6 27. c5 Rdd8 28. Bd2 Nd3 29. Rc4 Qb7 30. Be3 Rd5 31. Qa2 Rc6 32.
Rb1 Qc7 33. Qc2 a5 34. Qa4 Nb4 35. Ra1 Rd8 36. Qxa5 Qxa5 37. Rxa5 Nd5 38.
Bc1 h6 39. Kf2 Rb8 40. Ra2 Kh7 41. Rb2 Rbc8 42. Rb5 Kg6 43. Bb2 f6 44. Kf3
Ra8 45. g4 Ra7 46. Ke4 Kf7 47. f5 Rd7 48. Rd4 Ke7 49. Rb8 Nc7 50. Rxd7+
Kxd7 51. Bd4 Ke7 52. Rb6 Kd7 53. Bf2 e5 54. Kd3 Nd5 55. Rb8 Rc7 56. Kc4 Kc6
57. Rd8 Ne7 58. Rd6+ Kb7 59. Be1 Nc6 60. Bc3 Re7 61. Kd5 Nb8 62. Ba5 e4 63.
Rb6+ Kc8 64. Re6 Kd7 65. c6+ Nxc6 66. Rd6+ Ke8 67. Kxc6 0-1

[Event "?"]
[Site "Team Ch Alushta UKR"]
[Date "2002.??.??"]
[Round "?"]
[White "Kononenko, Dmitry 1"]
[Black "Grekh, Andrey"]
[Result "1/2-1/2"]
[WhiteElo "2270"]
[BlackElo "2235"]

1. e4 c5 2. Nf3 e6 3. d4 cxd4 4. Nxd4 a6 5. Bd3 Bc5 6. Nb3 Be7 7. O-O Qc7
8. c4 Nc6 9. f4 d6 10. Nc3 Nf6 11. Be3 O-O 12. Rc1 Re8 13. Kh1 Bf8 14. Qe2
Nd7 15. Nd2 b6 16. Nf3 Bb7 17. Bf2 g6 18. Bg3 Rac8 19. b3 Nc5 20. Bb1 Bg7
21. Nd1 a5 22. Nf2 f5 23. Rfd1 Ne7 24. Nd4 Bxd4 25. Rxd4 fxe4 26. Nxe4 Nxe4
27. Bxe4 Nf5 28. Rdd1 Bxe4 29. Qxe4 Qc5 30. Be1 Rcd8 31. Qf3 Nd4 32. Qd3 e5
33. Bc3 Ne6 34. fxe5 dxe5 35. Qe4 Nd4 36. Rf1 Qc6 37. Qe3 Nf5 38. Qg5 Qe6
39. Rce1 Nd4 40. Re4 Qe7 41. Qxe7 Rxe7 42. Rd1 Rde8 43. h3 Nc6 44. a3 Re6
45. b4 axb4 46. axb4 Kf7 47. b5 Nb8 48. Rd5 Kf6 49. Rf4+ Kg7 50. Re4 Kf6
1/2-1/2

[Event "?"]
[Site "Paulisto-ch4"]
[Date "2000.??.??"]
[Round "?"]
[White "Fernandes, Jose Costa jr"]
[Black "Benares de sa Leitao, Ricardo"]
[Result "1-0"]
[WhiteElo "2270"]
[BlackElo "2235"]

1. e4 c5 2. Nf3 e6 3. d4 cxd4 4. Nxd4 a6 5. Bd3 Bc5 6. Nb3 Be7 7. O-O d6 8.
c4 Nf6 9. Nc3 O-O 10. Qe2 Nc6 11. f4 Qc7 12. Be3 b6 13. Rac1 Bb7 14. Nd5
exd5 15. cxd5 Qd7 16. dxc6 Bxc6 17. Bxb6 Qb7 18. Bd4 a5 19. Nd2 Rfe8 20.
Rfe1 Rac8 21. Ba6 Qa8 22. Bxc8 Rxc8 23. Nc4 Re8 24. Bxf6 gxf6 25. Nxa5 1-0

[Event "?"]
[Site "FSIMA September"]
[Date "2000.??.??"]
[Round "?"]
[White "Rajlich, Vasik G"]
[Black "Valenti, Giuseppe"]
[Result "1-0"]
[WhiteElo "2305"]
[BlackElo "2200"]

1. e4 c5 2. Nf3 e6 3. d4 cxd4 4. Nxd4 a6 5. Bd3 Bc5 6. Nb3 Be7 7. O-O Nc6
8. f4 d6 9. Nc3 Nf6 10. Qe2 Qc7 11. Bd2 O-O 12. Rae1 Re8 13. e5 Nd7 14.
exd6 Bxd6 15. Nd5 Qd8 16. Bc3 Bf8 17. Rf3 g6 18. f5 Nce5 19. fxg6 Nxf3+ 20.
Qxf3 hxg6 21. Rf1 f5 22. Qg3 Kf7 23. Nf4 Bc5+ 24. Nxc5 Nf8 25. Ne4 e5 26.
Ng5+ Kg7 27. Nh5+ Kg8 28. Bc4+ 1-0

[Event "Capablanca Memorial Open"]
[Site "Havana CUB"]
[Date "2006.11.27"]
[Round "7"]
[White "Farley, T"]
[Black "Diaz Ordonez, C"]
[Result "1-0"]
[WhiteElo "2246"]
[BlackElo "2257"]

1. e4 c5 2. Nf3 e6 3. d4 cxd4 4. Nxd4 Qb6 5. Nc3 Bc5 6. Be3 Nc6 7. Na4 Qa5+
8. c3 Bxd4 9. Bxd4 Nxd4 10. Qxd4 Nf6 11. Nc5 b6 12. Nb3 Qg5 13. g3 Bb7 14.
Bg2 Rc8 15. O-O Qb5 16. Rfe1 O-O 17. Bf1 Qc6 18. Bg2 Rfd8 19. Rad1 d5 20.
e5 Nd7 21. Qg4 b5 22. Rd4 Qb6 23. Bf1 a5 24. a3 Rc4 25. Bxc4 bxc4 26. Nd2
Bc6 27. Qg5 h6 28. Qe7 Rf8 29. Nf3 Qxb2 30. Re3 Qb8 31. h3 Qd8 32. Qd6 Qb6
33. Rd2 Ba4 34. Qxb6 Nxb6 35. Nd4 Bb3 36. f4 Nd7 37. Nc6 Ra8 38. Nd4 Nc5
39. Kh2 Rb8 40. Rb2 Rb7 41. Kg2 Kf8 42. Kg1 Ke8 43. Rf3 Ba4 44. Rxb7 Nxb7
45. g4 Nc5 46. Kf2 Bd1 47. Re3 Ba4 48. Ke2 Nb3 49. Kf2 Nxd4 50. cxd4 Kd7
51. Ke1 Bb3 52. Kd2 Kc6 53. Kc3 Kb5 54. Kb2 Bd1 55. f5 h5 56. Kc1 Bb3 57.
g5 g6 58. fxg6 fxg6 59. Rf3 Kc6 60. Rf6 1-0

[Event "?"]
[Site "Canadian Closed"]
[Date "2001.??.??"]
[Round "?"]
[White "Hamilton, Robert"]
[Black "Gurevich, A"]
[Result "1-0"]
[WhiteElo "2305"]
[BlackElo "2195"]

1. e4 c5 2. Nf3 e6 3. d4 cxd4 4. Nxd4 a6 5. Bd3 Bc5 6. Nb3 Be7 7. O-O d6 8.
Qe2 Nd7 9. c3 Ngf6 10. Bg5 O-O 11. N1d2 Qc7 12. f4 Re8 13. Rae1 e5 14. Nc4
b5 15. Ne3 exf4 16. Nf5 Bf8 17. Nbd4 Bb7 18. Bxf6 Nxf6 19. Rxf4 d5 20. Nh6+
gxh6 21. Rxf6 Bg7 22. Qg4 Kh8 23. e5 Rxe5 24. Rxe5 Qxe5 25. Rxf7 Re8 26.
Nf3 h5 27. Qd7 Qe3+ 28. Kh1 Bc8 29. Qxd5 Bg4 30. Ng1 Rg8 31. Bf5 Re8 32.
Ra7 Qg5 33. Rf7 Rd8 34. Qe6 h6 35. h3 Bxf5 36. Rxf5 Qg3 37. Qe2 h4 38. Rf3
Qd6 39. Re3 Kh7 40. Nf3 Qd1+ 41. Qxd1 Rxd1+ 42. Re1 Rxe1+ 43. Nxe1 Kg6 44.
Kg1 Kf5 45. Kf2 Ke4 46. Ke2 Bf6 47. Nd3 Be7 48. Nf2+ Kf4 49. Nd3+ Ke4 50.
Ne1 Bg5 51. Nf3 Bf6 52. Nd2+ Kf4 53. Nb3 Be7 54. Nd4 Ke4 55. g3 Bg5 56. Nb3
Be3 57. Nd2+ Kf5 58. b3 Bc5 59. a4 Be7 60. axb5 axb5 61. c4 bxc4 62. Nxc4
Ke4 63. Nd2+ Kf5 64. Nf3 Ke4 65. Ne1 Kd4 66. Kf3 h5 67. b4 Kc4 68. b5 Kxb5
69. Nd3 Kc4 70. Nf4 Kd4 71. Nxh5 Kd3 72. Nf4+ Kd2 73. Ng6 Bd8 74. Kg4 Ke2
75. Nxh4 1-0

[Event "?"]
[Site "Open, Balatonlelle HUN"]
[Date "2004.??.??"]
[Round "3"]
[White "Gara, Ticia"]
[Black "Schneider, Veronika"]
[Result "1/2-1/2"]
[WhiteElo "2290"]
[BlackElo "2210"]

1. e4 c5 2. Nf3 e6 3. d4 cxd4 4. Nxd4 a6 5. Bd3 Bc5 6. Nb3 Be7 7. Qg4 g6 8.
O-O d6 9. Be3 Nd7 10. f4 Ngf6 11. Qg3 Qc7 12. c4 b6 13. Nc3 Bb7 14. Rae1 h5
15. h3 h4 16. Qf3 Nh5 17. Bf2 O-O-O 18. Nd4 g5 19. f5 g4 20. hxg4 Ne5 21.
Qd1 Nf4 22. Bb1 h3 23. g3 Ng2 24. Re2 Qd7 25. Qa4 Rdg8 26. Qxd7+ Kxd7 27.
b3 Nxg4 28. Na4 Nxf2 29. Kxf2 Bf6 30. Nf3 b5 31. Nb2 Rg4 32. Nh2 Bd4+ 33.
Kf3 Rg5 34. Rd1 Bxb2 35. Rxb2 Rxf5+ 36. Ke2 Rg5 37. Rbd2 Rxg3 38. Rxd6+ Kc8
39. Kf2 Rg7 40. cxb5 axb5 41. R6d3 Nf4 42. Rg3 Rxg3 43. Kxg3 e5 44. Ng4 Rg8
45. Kf3 Rg5 46. Nxe5 Rxe5 47. Kxf4 Rh5 48. Kg3 f5 49. Rh1 fxe4 50. Rxh3
Rg5+ 51. Kf4 Rg1 52. Bxe4 Bxe4 53. Kxe4 Ra1 54. Kd5 Rxa2 55. Kc6 Rc2+ 56.
Kxb5 Kb7 57. Rh7+ Kb8 58. Kb6 Rc8 59. b4 Rg8 60. Rh6 Rf8 61. b5 Rg8 62. Ka6
Rf8 63. Rh7 Rf6+ 64. b6 Rf8 1/2-1/2

[Event "?"]
[Site "Team Ch Zakopane"]
[Date "2000.??.??"]
[Round "?"]
[White "Liwak, Przemyslaw"]
[Black "Anuszkiewicz, Konrad"]
[Result "1-0"]
[WhiteElo "2305"]
[BlackElo "2195"]

1. e4 c5 2. Nf3 e6 3. d4 cxd4 4. Nxd4 a6 5. Bd3 Bc5 6. Nb3 Be7 7. O-O d6 8.
f4 Nd7 9. Qe2 Qc7 10. c4 Ngf6 11. Nc3 b6 12. Bd2 Bb7 13. Rae1 h5 14. a4 g6
15. Nd1 Ng4 16. Nf2 Nxf2 17. Qxf2 Nf6 18. a5 Bd8 19. e5 Ng4 20. Qg3 bxa5
21. Bxa5 Qd7 22. h3 Nh6 23. exd6 Qxd6 24. c5 Qc6 25. Be4 Qb5 26. Qc3 O-O
27. c6 Bxa5 28. Nxa5 Bc8 29. c7 Ra7 30. Rc1 Kh7 31. Qc5 Qxc5+ 32. Rxc5 f5
33. Bf3 Re8 34. Rfc1 Ng8 35. Nb7 Ne7 36. Nd6 Rf8 37. R1c3 Kg7 38. Rb3 Kf6
39. Rb8 Rg8 40. Bb7 Bxb7 41. Rxg8 Nxg8 42. Nxb7 Ne7 43. Nd6 1-0

[Event "?"]
[Site "POL Ch women"]
[Date "1996.??.??"]
[Round "?"]
[White "Dworakowska, Joanna"]
[Black "Guzkowska, Magdalena"]
[Result "1-0"]
[WhiteElo "2265"]
[BlackElo "2235"]

1. e4 c5 2. Nf3 e6 3. d4 cxd4 4. Nxd4 a6 5. Bd3 Bc5 6. Nb3 Be7 7. O-O d6 8.
Qg4 h5 9. Qxg7 Bf6 10. Qg3 h4 11. Qe3 Nc6 12. c4 Nge7 13. Nc3 Rg8 14. f4
Ng6 15. Qf2 Nb4 16. Rd1 Nxd3 17. Rxd3 Qc7 18. Be3 Qxc4 19. Rxd6 Bxc3 20.
bxc3 Bd7 21. Rad1 Bc6 22. R1d4 Qxc3 23. Bd2 Qc2 24. Rd8+ 1-0

[Event "?"]
[Site "Open Vienna AUT"]
[Date "1995.??.??"]
[Round "?"]
[White "Wittmann, Walter"]
[Black "Todor, Razvan"]
[Result "1-0"]
[WhiteElo "2380"]
[BlackElo "2115"]

1. e4 e6 2. d4 c5 3. Nf3 cxd4 4. Nxd4 Bc5 5. Nb5 Qb6 6. Qf3 a6 7. N5c3 Ne7
8. Bd3 Nbc6 9. O-O Bd4 10. Nd2 Qc7 11. Ne2 Ba7 12. Qh3 Nb4 13. Nc4 Ng6 14.
c3 Nxd3 15. Qxd3 O-O 16. Kh1 b5 17. Nd6 Bb8 18. Re1 f5 19. e5 Nxe5 20. Qg3
Ng6 21. Nf4 Qc6 22. Nxg6 hxg6 23. Bf4 Bb7 24. Qxg6 Rf6 25. Qg3 Kh7 26. f3
Bc7 27. Qh4+ Kg8 28. Nxb7 Bxf4 29. Qxf4 Qxb7 30. Qd6 Ra7 31. Rab1 Rf7 32.
Qd4 Qc7 33. f4 Kf8 34. h3 Ke8 35. a4 Rf6 36. axb5 axb5 37. Qe3 Rf7 38. Qe5
Rb7 39. Ra1 Ke7 40. Ra6 Ra7 41. Rxe6+ 1-0

[Event "?"]
[Site "(championnat equipes)"]
[Date "2004.??.??"]
[Round "?"]
[White "Thoren, Per"]
[Black "Johansson, Th1"]
[Result "1-0"]
[WhiteElo "2260"]
[BlackElo "2235"]

1. e4 c5 2. Nf3 e6 3. d4 cxd4 4. Nxd4 a6 5. Bd3 Bc5 6. Nb3 Be7 7. O-O d6 8.
c4 b6 9. Nc3 Bb7 10. Qe2 Nd7 11. f4 Qc7 12. Bd2 Ngf6 13. Rae1 Rd8 14. Nd4
g6 15. b4 O-O 16. Nf3 Rfe8 17. a3 Bf8 18. Kh1 Bg7 19. Bb1 Rc8 20. Ba2 Qb8
21. Qd3 Red8 22. f5 exf5 23. exf5 Bxf3 24. Qxf3 Ne5 25. Qe2 Re8 26. fxg6
hxg6 27. Qf2 Neg4 28. Rxe8+ Rxe8 29. Qg3 Ne5 30. Bg5 Nh5 31. Qf2 Qb7 32.
Nd5 b5 33. c5 dxc5 34. bxc5 Nc4 35. c6 Qxc6 36. Ne7+ Rxe7 37. Bxe7 Qd5 38.
Bb3 Bd4 39. Qf3 Qxf3 40. Rxf3 Nd2 41. Rd3 Nxb3 42. Rxb3 Ng7 43. a4 Ne6 44.
axb5 axb5 45. Rxb5 Kg7 46. g3 Bf6 47. Bxf6+ Kxf6 48. Kg2 Kg7 49. Ra5 Nf8
50. Ra6 Nh7 51. Kf3 Nf6 52. h4 Ng8 53. g4 Nf6 54. Kf4 Nd7 55. Rc6 Nf6 56.
g5 Nh5+ 57. Ke5 Ng3 58. Rf6 Nh5 59. Rf3 Kf8 60. Kd6 Ng7 61. Kd7 Nh5 62. Ra3
Nf4 63. Ra8+ Kg7 64. Ke8 Ng2 65. Ra7 Nxh4 66. Rxf7+ Kg8 67. Ke7 1-0

[Event "?"]
[Site "Politiken Cup, Copenhagen DEN"]
[Date "2005.??.??"]
[Round "8"]
[White "Brinck-Claussen, Bjorn"]
[Black "Skjoldan, Benjamin"]
[Result "1-0"]
[WhiteElo "2345"]
[BlackElo "2145"]

1. e4 c5 2. Nf3 e6 3. d4 cxd4 4. Nxd4 a6 5. Bd3 Bc5 6. Nb3 Be7 7. Be3 Qc7
8. Qe2 Nf6 9. f4 d6 10. N1d2 Nbd7 11. O-O-O b5 12. g4 g6 13. g5 Nh5 14.
Rhf1 e5 15. f5 a5 16. Bxb5 a4 17. Na1 a3 18. Qc4 axb2+ 19. Kxb2 Qxc4 20.
Nxc4 Ba6 21. Bxa6 Rxa6 22. f6 Bf8 23. Rd5 h6 24. Nb3 hxg5 25. Bxg5 Nb6 26.
Nxb6 Rxb6 27. a4 Bh6 28. Bxh6 Rxh6 29. a5 Ra6 30. Rb5 Nf4 31. Rd1 Rxh2 32.
Rb8+ 1-0

[Event "?"]
[Site "Open Arco ITA"]
[Date "2000.??.??"]
[Round "?"]
[White "Jens, Jelmer"]
[Black "Valenti, Giuseppe"]
[Result "0-1"]
[WhiteElo "2290"]
[BlackElo "2200"]

1. e4 c5 2. Nf3 e6 3. d4 cxd4 4. Nxd4 a6 5. Bd3 Bc5 6. Nb3 Be7 7. O-O d6 8.
f4 Qc7 9. Nc3 Nf6 10. Qf3 Nc6 11. a3 O-O 12. Bd2 b5 13. Rae1 b4 14. axb4
Nxb4 15. e5 Nxd3 16. exf6 Nxe1 17. Bxe1 Bb7 18. fxe7 Bxf3 19. exf8=Q+ Kxf8
20. Rxf3 a5 21. Bf2 a4 22. Nd4 a3 23. bxa3 Rxa3 24. Nb3 Qc4 25. h3 f6 26.
g3 Kf7 27. Re3 d5 28. Rf3 d4 29. Nb1 Ra2 30. Nxd4 Ra1 31. Rb3 e5 32. Rb7+
Kf8 33. Rb8+ Kf7 34. Rb7+ Kf8 35. Rb8+ Kf7 36. fxe5 fxe5 37. Rb7+ Kf8 38.
Rb8+ Kf7 39. Rb7+ Ke8 40. Nf5 Qxc2 41. Nxg7+ Kf8 42. Ne6+ Kg8 43. Rb8+ Kf7
44. Ng5+ Ke7 45. Rb7+ Ke8 46. Nf3 Rxb1+ 47. Rxb1 Qxb1+ 48. Kg2 Qe4 49. g4
Qd5 50. Be3 Qd3 51. Kf2 Qc2+ 52. Nd2 Kd7 53. Kf3 Qd1+ 54. Kf2 Ke6 55. Ne4
Qc2+ 56. Kf3 Qb1 57. Nf2 Kd5 58. h4 Qf1 59. Bd2 e4+ 60. Ke3 Qg2 0-1

[Event "?"]
[Site "19 ECC"]
[Date "2003.??.??"]
[Round "?"]
[White "Marechal, Andy"]
[Black "Ipek, Ali"]
[Result "0-1"]
[WhiteElo "2255"]
[BlackElo "2230"]

1. e4 c5 2. Nf3 e6 3. d4 cxd4 4. Nxd4 a6 5. Bd3 Bc5 6. Nb3 Be7 7. c4 d6 8.
O-O Nf6 9. Nc3 Nc6 10. Be3 b6 11. Rc1 Bb7 12. f4 Rc8 13. a3 O-O 14. Qe2 Nd7
15. Nd2 Bf6 16. Qf2 Nc5 17. Bb1 a5 18. Rfd1 Qe7 19. Nf3 g6 20. Qg3 Bg7 21.
e5 dxe5 22. fxe5 Nd7 23. Rxd7 Qxd7 24. Bxb6 Nxe5 25. Nxe5 Qd6 26. Qf2 Bxe5
27. Rd1 Bxh2+ 28. Kh1 Qe5 29. Qh4 Bg3 30. Qg4 Rxc4 31. Qe2 Qf4 0-1

[Event "?"]
[Site "Open Gelsenkirchen GER"]
[Date "2000.??.??"]
[Round "?"]
[White "Zesch, Ludwig"]
[Black "Machelett, Heiko"]
[Result "0-1"]
[WhiteElo "2100"]
[BlackElo "2385"]

1. e4 c5 2. Nf3 e6 3. d4 cxd4 4. Nxd4 a6 5. Bd3 Bc5 6. Nb3 Be7 7. O-O d6 8.
Qg4 Bf6 9. f4 Nc6 10. c4 Nge7 11. Nc3 Ng6 12. Bd2 O-O 13. Kh1 Bd7 14. Rf3
Nb4 15. Bf1 Nc2 16. Rc1 Nd4 17. Nxd4 Bxd4 18. Rh3 Qf6 19. Bd3 b5 20. e5
dxe5 21. fxe5 Qxe5 22. Re1 f5 23. Qh5 Qc7 24. Ne2 Bf6 25. Bc3 Bxc3 26. Nxc3
Rf6 27. Qxh7+ Kf7 28. Qh5 Rh8 29. Qf3 Bc6 30. Qg3 f4 31. Bxg6+ Rxg6 32.
Qxg6+ Kxg6 33. Rxh8 f3 34. gxf3 Bxf3+ 35. Kg1 Qxc4 36. Rh3 Qd4+ 37. Kf1 Bg4
38. Rg3 Kh7 39. Rge3 Qf4+ 40. Kg1 Bf3 41. Ne4 Qg4+ 42. Ng3 Bd5 43. a3 a5
44. R1e2 Qd4 45. Nf1 Bc4 46. Re1 Qxb2 47. Rd1 Bd5 48. Rd2 Qc1 49. Rf2 b4
50. axb4 axb4 51. Rf8 Qc5 52. Rf2 b3 53. Ree2 Bc4 54. Rb2 Qg5+ 55. Ng3 Bd5
56. Rbd2 Qe3 57. Re2 Qc1+ 58. Rf1 b2 59. Ree1 Qc2 60. Rf2 b1=Q 0-1

[Event "?"]
[Site "WYb18, Belfort FRA"]
[Date "2005.??.??"]
[Round "6"]
[White "Colmenares, A"]
[Black "Gorovets, Andrey"]
[Result "1-0"]
[WhiteElo "2120"]
[BlackElo "2360"]

1. e4 c5 2. Nf3 e6 3. d4 cxd4 4. Nxd4 a6 5. Bd3 Bc5 6. Nb3 Be7 7. O-O d6 8.
Nc3 Nf6 9. a4 b6 10. Qe2 Qc7 11. f4 Nc6 12. Bd2 O-O 13. Rae1 Nd7 14. Rf3 g6
15. Rh3 Re8 16. Nd1 Nc5 17. Nxc5 bxc5 18. Rf1 c4 19. Bxc4 Nd4 20. Qd3 d5
21. exd5 exd5 22. Bxd5 Bf5 23. Qxd4 Bxh3 24. Kh1 Bxg2+ 25. Bxg2 Rad8 26.
Bd5 Bc5 27. Qd3 Qe7 28. Nc3 Bb4 29. f5 Kg7 30. f6+ 1-0

[Event "?"]
[Site "CM.2001.0.00133"]
[Date "2001.??.??"]
[Round "?"]
[White "Fleurackers, Norbert"]
[Black "Labahn, Wolfgang"]
[Result "1/2-1/2"]
[WhiteElo "2255"]
[BlackElo "2225"]

1. e4 c5 2. Nf3 e6 3. d4 cxd4 4. Nxd4 Qb6 5. Nc3 Bc5 6. Na4 Qa5+ 7. c3 Bxd4
8. Qxd4 Nf6 9. Nc5 Nc6 10. Qe3 O-O 11. Nb3 Qa4 12. Bd3 b6 13. O-O Ba6 14.
Bxa6 Qxa6 15. Re1 d5 16. e5 Nd7 17. Qg3 Kh8 18. Bf4 Rac8 19. Qe3 Qa4 20.
Red1 Qb5 21. Rab1 Qa4 22. Ra1 Qb5 23. Rd2 a5 24. Nc1 Nc5 25. Nd3 Nxd3
1/2-1/2

[Event "?"]
[Site "FS09 IM-C Budapest HUN"]
[Date "2002.??.??"]
[Round "?"]
[White "Resika, Nathan A"]
[Black "Berczes, David"]
[Result "1/2-1/2"]
[WhiteElo "2275"]
[BlackElo "2205"]

1. e4 c5 2. Nf3 e6 3. d4 cxd4 4. Nxd4 a6 5. Bd3 Bc5 6. Nb3 Be7 7. Qg4 g6 8.
O-O d6 9. Qe2 Nd7 10. c4 Qc7 11. Nc3 b6 12. Be3 Ngf6 13. Rac1 O-O 14. Rfd1
Bb7 15. Nd4 Rac8 16. f3 Qb8 17. b3 Rfe8 18. Qd2 Bd8 19. Bf1 Bc7 20. g3 Qa8
21. Bf2 Ne5 22. Bh3 b5 23. cxb5 Ba5 24. Qb2 d5 25. bxa6 Bxa6 26. exd5 Rxc3
27. Rxc3 Nxd5 28. Rcc1 Nd3 29. Rxd3 Bxd3 30. Bg2 Bb4 31. a4 e5 32. Nc6 e4
33. fxe4 Bxe4 34. Bxe4 Rxe4 35. Qc2 Qe8 36. Nxb4 Nxb4 37. Qc8 Nd3 38. Qxe8+
Rxe8 39. Rd1 Ne5 40. a5 Ra8 41. b4 Nc6 42. Bc5 f5 43. Rd7 Ne5 44. Rb7 g5
45. Bd6 Nc6 46. Kf2 Rd8 47. Bc5 Rd2+ 48. Ke3 Ra2 49. h4 Ra3+ 50. Kf2 Ra2+
51. Ke1 f4 52. gxf4 gxh4 53. Rb6 Nxa5 54. bxa5 h3 55. Bg1 h2 56. Bxh2 Rxh2
57. a6 Ra2 58. Kd1 h5 59. Kc1 h4 60. Kb1 Ra4 1/2-1/2

[Event "?"]
[Site "ch-RUS u20g Nojabrsk RUS ;The"]
[Date "2005.??.??"]
[Round "7"]
[White "Dzhabrailova, I"]
[Black "Kursova, Maria"]
[Result "0-1"]
[WhiteElo "2175"]
[BlackElo "2305"]

1. e4 c5 2. Nf3 e6 3. d4 cxd4 4. Nxd4 a6 5. Bd3 Bc5 6. Nb3 Be7 7. Qg4 g6 8.
Qe2 d6 9. a4 b6 10. a5 b5 11. Na3 Nf6 12. c4 b4 13. Nc2 Nc6 14. Bh6 Nd7 15.
O-O Nc5 16. Ncd4 Nxd4 17. Nxd4 Bb7 18. Bc2 Bg5 19. Ba4+ Nxa4 20. Bxg5 Qxg5
21. Rxa4 Rb8 22. Rxb4 O-O 23. Nb3 Bxe4 24. f4 Qxg2+ 25. Qxg2 Bxg2 26. Rxb8
Rxb8 27. Rf2 Rxb3 28. Kxg2 Kf8 29. Rd2 Ke7 30. Rc2 Kd7 31. Re2 Kc6 32. Rd2
Kc5 33. Rc2 Rb4 0-1

[Event "?"]
[Site "Ch U20 Bled SLO"]
[Date "1998.??.??"]
[Round "?"]
[White "Guid, Matej"]
[Black "Soln, Primoz"]
[Result "1/2-1/2"]
[WhiteElo "2150"]
[BlackElo "2325"]

1. e4 c5 2. Nf3 e6 3. d4 cxd4 4. Nxd4 a6 5. Bd3 Bc5 6. Nb3 Be7 7. O-O d6 8.
a4 Nf6 9. f4 Nc6 10. a5 b5 11. axb6 Qxb6+ 12. Kh1 Bb7 13. N1d2 Qc7 14. Nc4
Nxe4 15. Bxe4 d5 16. Bxd5 exd5 17. Ne3 Rd8 18. Nf5 O-O 19. Nxe7+ Qxe7 20.
Nd4 Nxd4 21. Qxd4 Qe2 22. Bd2 Rfe8 23. Rfe1 Qg4 24. Rxe8+ Rxe8 25. Re1 Re2
26. Rxe2 Qxe2 27. Qe3 Qf1+ 28. Qg1 Qc4 29. c3 d4 30. cxd4 Qe2 31. Bc3
1/2-1/2